Microsoft Excel 7

Đã lưu trong:
Sonraí Bibleagrafaíochta
Príomhúdar: O'leary, Timothy J.
Formáid: Leabhar
Teanga:Undetermined
Foilsithe: Québec, Canada Reynald Goulet 1997
Ábhair:
Clibeanna: Cuir Clib Leis
Gan Chlibeanna, Bí ar an gcéad duine leis an taifead seo a chlibeáil!
Thư viện lưu trữ: Trung tâm Học liệu Trường Đại học Cần Thơ
LEADER 00502nam a2200181Ia 4500
001 CTU_68829
008 210402s9999 xx 000 0 und d
082 |a 005.3 
082 |b O.45 
100 |a O'leary, Timothy J. 
245 0 |a Microsoft Excel 7 
245 0 |c Timothy J. O'Leary et Linda I. O'Leary 
260 |a Québec, Canada 
260 |b Reynald Goulet 
260 |c 1997 
650 |a Excel ( computer programs ) 
904 |i Minh 
980 |a Trung tâm Học liệu Trường Đại học Cần Thơ